000 007600000a22002290004500
003 LK-CoMWRAF
005 20231004123819.0
008 230817t2000 ||||| |||| 00| 0 eng d
020 _a9555800545
040 _aLK-CoMWRAF
_dLK-CoMWRAF
_eLK-CoMWRAF
041 _aeng
082 _a016.3054
_bGEN
245 _aGendering Humanitarianism:
_bAn Annotated Bibliography on Gender and Capacity Building in Armed Conflict
260 _aColombo:
_bInternational Centre for Ethnic Studies,
_c2000
300 _axvii, 198 p. : map ; 22 cm.
_bIndex included
650 _aWAR-Bibliography
650 _aRefugees--Bibliography
650 _aHumanitarian assistance-Bibliography
650 _a Women-Bibliography
700 _aLoganathan, Bhawani
_ecomp.
942 _cBK
999 _c234
_d234